Secrets (Record no. 1896)
[ view plain ]
| 000 -LEADER | |
|---|---|
| fixed length control field | 00269nam a22001217a 4500 |
| 008 - FIXED-LENGTH DATA ELEMENTS--GENERAL INFORMATION | |
| fixed length control field | 250108b |||||||| |||| 00| 0 eng d |
| 020 ## - INTERNATIONAL STANDARD BOOK NUMBER | |
| ISBN | 014-028045-6 |
| 100 ## - MAIN ENTRY--AUTHOR | |
| Author | Farah Nuruddin |
| 245 ## - TITLE STATEMENT | |
| Title | Secrets |
| 260 ## - PUBLICATION, DISTRIBUTION, ETC. (IMPRINT) | |
| Place of publication | Kaduna |
| Date of publication | 1998 |
| 942 ## - ADDED ENTRY ELEMENTS (KOHA) | |
| Item type | Books |
| 050 ## - LIBRARY OF CONGRESS CALL NUMBER | |
| Classification number | PR7596.9 |
| Item number | .F37 |
No items available.